| 000 | 00714nam a2200229 a 4500 | ||
|---|---|---|---|
| 005 | 20210223120702.0 | ||
| 008 | 991125s1987 es 000 0 spa u | ||
| 020 | _a842521307X | ||
| 035 | _aUPN01000005475 | ||
| 049 | _aCG | ||
| 050 | 4 |
_aQA76.73 B3 _bV3.28 1987 |
|
| 100 | 1 | _aVanryb, B. | |
| 245 | 1 | 3 |
_aEl basic del IBM-PC y compatibles / _cB. Vanryb, R. Politis ; tr. Jordi Abadal Belini. |
| 250 | _a2a ed. | ||
| 260 |
_aBarcelona [Esp.] : _bG. Gili, _c1987. |
||
| 300 | _a231 p. | ||
| 440 | 0 | _aInformática de gestión | |
| 650 | 4 |
_aBASIC (LENGUAJE DE PROGRAMACION PARA COMPUTADORA) _92942 |
|
| 650 | 4 |
_aPROGRAMACION (COMPUTADORAS ELECTRONICAS) _913000 |
|
| 700 | 1 |
_aPolitis, R., _ecoaut. |
|
| 905 | _aLibro | ||
| 999 |
_c5475 _d5475 |
||